| 000 | 00979nas a2200277 4500 | ||
|---|---|---|---|
| 001 | BR9201575 | ||
| 003 | BR-BrBNA | ||
| 005 | 20231205092423.0 | ||
| 007 | ta | ||
| 008 | 230509b bl.|||p| |||| 00| 00por d | ||
| 040 |
_aBR-BrBNA _bpor _cBiblioteca Nacional de Agricultura |
||
| 041 | _a(Pt) | ||
| 072 | _aL74 | ||
| 100 | 1 | _aCarvalho, F.S.R. | |
| 100 | 1 | _aSantos, H.L. dos | |
| 100 | 1 | _aPessoa, J.M. | |
| 100 | 1 | _aEurides, D. | |
| 245 | 1 | _aAspectos anatomo-histopatologicos da intoxicacao experimental de ovinos pela Indigofera truxillensis H.B.K. | |
| 246 | 1 | _aAnato-histopathological aspects of the experimental intoxication with Indigofera truxillensis H.B.K., in ovines | |
| 650 | _aOVINO | ||
| 650 | _aPLANTA TOXICA | ||
| 650 | _aINTOXICACAO ANIMAL | ||
| 773 | 0 |
_tArquivo Brasileiro de Medicina Veterinaria e Zootecnia (Brazil) _xISSN 0102-0935 _g(Aug 1990), v. 42(4) p. 287-295 _wBR9201575 |
|
| 909 |
_a202311 _bLúcia _c55 _dLúcia Elande |
||
| 942 |
_2AGRIS _n0 _cANA |
||
| 999 |
_c131586 _d131586 |
||